call of duty zombies moon - Statistics

General Stats
  • This quiz has been taken 38 times
  • The average score is 7 of 11
Answer Stats
Hint Answer % Correct
after the easter egg where do the missles launch at earth
87%
where do you spawn area 51
83%
what state is area 51 in nevada
80%
after the easter egg what multiplayer map gets nuked and can be played as a zombies map nuketown
77%
boss astronaut
73%
what month is moon during october
67%
what year is moon during 2025
63%
wonder weapon wave gun
60%
who replaces edward richtofen samantha maxis
53%
when you spawn in what do you have to put on when you go through the teleporter space suit
40%
wonder weapon qed
37%
No matching quizzes found
Score Distribution
Percent of People with Each Score
Percentile by Number Answered
Your Score History
You have not taken this quiz